000 00303nam a22001337a 4500
008 180126b xxu||||| |||| 00| 0 eng d
020 _a08695877068
041 _aeng
080 _29 ED
_a574
100 _a9
101 _aMJE
245 _aENVIRONMENTAL LAW HANDBOOK
_cTHOMAS.F.P
942 _2udc
_cBK
999 _c41030
_d41030